• 首页
  • 本馆介绍
  • 公告通知
  • 最新文献
  • 馆藏检索
  • 电子资源
  • 读者导购
  • 参考咨询
  • 我的图书馆
  • 登录
  • 详细信息显示
  • 放入我的书架
  • 预约/预借图书
  • 作者相关作品
  • 分类相关作品
  • 丛书相关作品
  • 出版社相关作品

书目信息

  • 表格格式
  • 工作单格式
  • 卡片格式
题名:
撞进编辑这扇门
    
 
作者: 郝铭鉴 著
分册:  
出版信息: 北京   首都师范大学出版社  2016
页数: 366页
开本: 24cm
丛书名: 书林守望丛书
单 册:
中图分类: G232-53
科图分类:
主题词: 编辑工作--文集
电子资源:
ISBN: 978-7-5656-3053-8
000 00952oam2 2200253 450
001 417704
005 20180527225709.22
010    @a978-7-5656-3053-8@dCNY52.00
100    @a20170215d2016 em y0chiy50 ea
101 0  @achi
102    @aCN@b110000
105    @aa z 000yy
200 1  @a撞进编辑这扇门@9zhuang jin bian ji zhe shan men@f郝铭鉴著
210    @a北京@c首都师范大学出版社@d2016
215    @a366页@c图@d24cm
225 1  @a书林守望丛书
300    @a韬奋基金会资金资助 “十一五”国家重点图书出版规划项目
330    @a本书记述了作者从事编辑行业的历程,分享了作者多年来从工作实践中得来的经验和思考,真实且实用。全书分上下两编,上编为“出版人的思绪”,包含探求、修炼、怀人、咀嚼四篇;下编为“咬嚼者的屐痕”,包含回眸、观语、识小、测试四篇。
461  0 @12001 @a书林守望丛书
606 0  @a编辑工作@j文集
690    @aG232-53@v5
701  0 @a郝铭鉴@9hao ming jian@f(1944-)@4著
801  0 @aCN@b91MARC@c20170215
905    @aMuseLib@dG232-53@e100
    
    撞进编辑这扇门/郝铭鉴著.-北京:首都师范大学出版社,2016
    366页:图;24cm.-(书林守望丛书)
    韬奋基金会资金资助 “十一五”国家重点图书出版规划项目
    
    ISBN 978-7-5656-3053-8:CNY52.00
    本书记述了作者从事编辑行业的历程,分享了作者多年来从工作实践中得来的经验和思考,真实且实用。全书分上下两编,上编为“出版人的思绪”,包含探求、修炼、怀人、咀嚼四篇;下编为“咬嚼者的屐痕”,包含回眸、观语、识小、测试四篇。
●
相关链接 在E读中查询图书 在五车中查询图书 在当当中查询图书 在豆瓣中查询图书


正题名:撞进编辑这扇门     索取号:G232-53/100         预约/预借

序号 登录号 条形码 馆藏地/架位号 状态 备注
1 1112499   211124996   第一样本阅览室/ [索取号:G232-53/100] 在馆    
2 1112500   211125003   教育系资料室/ [索取号:G232-53/100] 在馆    
3 1112501   211125012   教育系资料室/ [索取号:G232-53/100] 在馆    
4 1112502   211125021   第四借阅区/ [索取号:G232-53/100] 在馆    
唐山师范学院图书馆 欢迎您!
大连网信软件有限公司© 版权所有